000 00305nam a22001337a 4500
008 180125b xxu||||| |||| 00| 0 eng d
020 _a9780155012370
041 _aeng
080 _a82
100 _a21
101 _aghu
245 _aharbrace college workbook from 12a
_clarry.g.m
942 _2udc
_cBK
999 _c40898
_d40898